000 01196cam a2200265 a 4500
005 20160318093834.0
008 030712s2003 ck a r 00010 spa d
040 _ala
_cla
_dCO-BoIAVH
041 0 _aspa
044 _ack
082 0 4 _a307.1412
_bO74d
110 1 _aOrganización Zonal Indígena del Putumayo.
245 1 0 _aDesarrollo indígena y sustitución de cultivos ilícitos de coca :
_bexperiencia del Programa Raiz por Raiz en Mocoa, Villa Garzón y Puerto Guzmán departamento del Putumayo /
_ctextos Laura García ... [et al.] ; coordinación editorial Carlos A. Salazar.
260 _aBogotá :
_bCECOIN-CORFAS,
_c2003.
300 _a71 páginas :
_bilustraciones ;
_c25 x 19 centímetros
504 _aIncluye bibliografía.
650 4 _aIndígenas de Colombia
_x Condiciones sociales.
650 6 _aEconomía indígena
_z Putumayo (Colombia)
650 4 _aCultivos ilícitos
_z Putumayo (Colombia)
650 4 _aSustitución de cultivos ilícitos
_z Putumayo (Colombia)
700 1 _aGarcía, Laura.
_etextos
700 1 _aSalazar, Carlos A.,
_eeditor
710 2 _aPrograma Raiz por Raiz.
942 _2ddc
_cLIBRO
999 _c5236
_d5236